|
|
|
แสดงรายละเอียดบรรณานุกรม |
|
|
Brief Record
: Get Marc (ISO 2709)
: E-mail record
: |
| LEADER : 00000nam 2200000uu 4500 | |||
| 001 13399121100 | |||
| 003 ULIB | |||
| 008 100902s||||||||th 000 0 tha d | |||
| 020 9789741382651 | |||
| 040 bns | |||
| 060 04 W13^bป445ค 2556 | |||
| 100 0 ปราณี ทู้ไพเราะ | |||
| 245 10 คำศัพท์-คำย่อทางการแพทย์ =^bMedical Vocabulary & Abbreviation /^cปราณี ทู้ไพเราะ | |||
| 246 31 Medical vocabulary & abbreviation | |||
| 250 พิมพ์ครั้งที่ 7 (ราคา 350 บาท) | |||
| 260 กรุงเทพฯ :^bNP Press,^c2556 | |||
| 300 ^a 634 หน้า ;^c21 ซม. | |||
| 504 มีบรรณานุกรมและดรรชนี | |||
| 650 7 การแพทย์^xคำย่อ | |||
| 650 7 การแพทย์^xคำศัพท์ | |||
| 650 7 แพทยศาสตร์^xคำย่อ | |||
| 650 7 แพทยศาสตร์^xคำศัพท์ | |||
| 945 ^p350^l0^i068391 | |||
| 945 ^p350^l0^i068392 | |||
| 945 ^p350^l0^i068393 | |||
| 945 ^p350^l0^i068394 | |||
| 999 ^aวนิดา อินทโอภาส | |||
| คุณยังไม่ได้ล็อกอิน คุณสามารถมีกิจกรรมร่วมกับเว็บไซต์ได้ แต่ต้องล็อกอินก่อน :: |
|
|||||||||
|
||||||||||
| สถานะ | |||||
| 1. | หนังสือ | W13 ป445ค 2556 c.1 Barcode: 068391 | ►หนังสือทั่วไป | บนชั้น | |
| 2. | หนังสือ | W13 ป445ค 2556 c.2 Barcode: 068392 | ►หนังสือทั่วไป | บนชั้น | |
| 3. | หนังสือ | W13 ป445ค 2556 c.3 Barcode: 068393 | ►หนังสือทั่วไป | บนชั้น | |
| 4. | หนังสือ | W13 ป445ค 2556 c.4 Barcode: 068394 | ►หนังสือทั่วไป | บนชั้น | |
| รายการใกล้เคียง ผู้แต่ง [ปราณี ทู้ไพเราะ]
|
BibComment |
| คอมเมนท์ทรัพยากรรายการนี้ |
|